01071nam0a22002411 4500001001100000005001700011021001900028035002600047100004100073101000800114102000700122105001800129200019200147210004200339215001600381225005100397300008600448606017200534700006400706801001800770801002200788852001900810rc\313573220250530082225.0 aRUb[75-29150] a(NLR Aleph) 007316536 a20120615d1975 |||y0rusy50 ca0 arus aRU ay z |||||1 aЭффективность использования основных фондов в машиностроенииe(Методы и практика выявления резервов) aРостовcКн. изд-воd1975 a110 с.d201 aПроизводство и экономика aПеред загл. авт.: А.Я. Стадник, канд. экон. наук aМашиностроительные заводыxОсновные фондыxИспользованиеxЭкономическая эффективность2psbo 1aСтадникbА.Я.gАлексей Яковлевич 0aRUbNLRgpsbo 1aRUbELAR2rusmarc aNLRj75-3/1778